LIBRARY & INFORMATION CENTRE, KCAET, TAVANUR

ONLINE PUBLIC ACCESS CATALOGUE (OPAC)

The Greatness Guide 2 (Record no. 15670)

MARC details
000 -LEADER
fixed length control field 00354nam a22001457a 4500
003 - CONTROL NUMBER IDENTIFIER
control field OSt
008 - FIXED-LENGTH DATA ELEMENTS--GENERAL INFORMATION
fixed length control field 190524b ||||| |||| 00| 0 eng d
020 ## - INTERNATIONAL STANDARD BOOK NUMBER
ISBN 9788179928141
082 ## - DEWEY DECIMAL CLASSIFICATION NUMBER
Classification number 158.1
Item number SHA/TH
100 ## - MAIN ENTRY--AUTHOR NAME
Personal name Sharma, Robin.
245 ## - TITLE STATEMENT
Title The Greatness Guide 2
260 ## - PUBLICATION, DISTRIBUTION, ETC. (IMPRINT)
Place of publication Mumbai
Name of publisher Jaico publishing House
Year of publication 2016
300 ## - PHYSICAL DESCRIPTION
Number of Pages 203 p.
942 ## - ADDED ENTRY ELEMENTS (KOHA)
Koha item type Books
Holdings
Withdrawn status Lost status Damaged status Home library Current library Date acquired Cost, normal purchase price Full call number Accession Number Koha item type
      KAUAET KAUAET 24/05/2019 250.00 158.1 SHA/TH 25935 Books
free website counter